| 000 | 00357 a2200157 4500 | ||
|---|---|---|---|
| 001 | 152101 | ||
| 040 | _cEscola São Tomás de Aquino | ||
| 100 | _aPELLEGRINI, Domingos | ||
| 240 | 1 | 0 |
_aNegócios de família _lpor |
| 245 | 1 | 0 | _aNegócios de família |
| 300 | _a94 | ||
| 362 | 0 | _a1993 | |
| 440 | 1 | _aÁtica | |
| 697 | _a*LITERATURA JUVENIL | ||
| 942 | _cBK | ||
| 999 |
_c152101 _d152101 |
||